SHARPAY'S Fabulous Adventure Characters - Statistics

General Stats
  • This quiz has been taken 39 times
  • The average score is 3 of 8
Answer Stats
Hint Answer % Correct
Ashley Tisdale Sharpay Evans
100%
Cameron Goodman Amber Lee Adams
46%
Austin Butler Peyton Leverett
38%
Bradley Steven Perry Roger Elliston
33%
Jessica Tuck Mrs. Evans
29%
Alec Mapa Gill
17%
Jack Plotnick Neal
17%
Robert Curits Brown Vince Evans
17%
No matching quizzes found
Score Distribution
Percent of People with Each Score
Percentile by Number Answered
Your Score History
You have not taken this quiz